000 02398cam a22005534i 4500
003 PE-LiUPU
005 20250731173040.0
008 170405s2017 miu rb 001 0 eng
020 _a0802874487
020 _a9780802874481
035 _a(Sirsi) i9780802874481
035 _a(OCoLC)973113548
_z(OCoLC)972773653
_z(OCoLC)973003184
_z(OCoLC)973280868
040 _aDLC
_bspa
_erda
_cDLC
_dYDX
_dBTCTA
_dBDX
_dOCLCF
_dOCLCO
_dKPS
_dYDX
_dOCLCO
_dSGB
_dYUS
_dPE-LiUPU
049 _aPRUA
050 0 0 _aBV10.3
_b.T39 2017
082 0 0 _a264
_bT27
_223
100 1 _aTaylor, W. David O.,
_d1972- ,
_eautor.
245 1 4 _aThe theater of God's glory :
_bCalvin, creation, and the liturgical arts /
_cW. David O. Taylor.
264 1 _aGrand Rapids, Michigan :
_bWilliam B. Eerdmans Publishing Company,
_c[2017]
300 _axiv, 226 páginas ;
_c23 centímetros.
336 _atext
_2rdacontent
337 _aunmediated
_2rdamedia
338 _avolume
_2rdacarrier
490 0 _aThe Calvin Institute of Christian Worship liturgical studies series
504 _aBibliografía : páginas 196-216.
504 _aÍndice : páginas 217-226.
505 0 _aMusical instruments in Calvin -- The work of the material creation -- The work of the material symbols of worship -- The twin problem of materiality and mediation -- The double movement of creation in worship -- Calvin's theology of the physical body -- A Trinitarian theology of the physical body -- The simple worship of God -- The Trinitarian space of worship.
526 _aSEG42
526 _aSEG41
526 _aSEG40
526 _aSEG39
526 _aP94
526 _aP87
526 _aP86
526 _aP85
526 _aP77
526 _aP76
526 _aP35
600 1 7 _aCalvin, Jean,
_d1509-1564.
_2fast
_0(OCoLC)fst00044761
650 1 4 _aAdoración.
_9831
650 2 4 _aCristianismo y las artes.
910 _adbm
_bebj
_cebj
_d20171219
942 _2ddc
_cBOOK
949 _a264 T27
_wDEWEY
_c1
_i77586
_lCATALOGING
_mBUL
_p30.00
_r0
_sY
_tBOOK
_u2017-12-19
_xPOSGRADO
_PP85
_0DONACION
_o.STAFF. Colección Teología.
994 _aC0
_bPEPRU
596 _a1
999 _a264 T27
_wDEWEY
_c26260
_i77586
_f2021-11-10
_g4
_lCCODEBUL1
_mBUL
_p30.00
_r0
_sY
_tBOOK
_u2017-12-19
_xTEOLOGIA
_PP85
_0DONACION
_o.STAFF. Colección Teología.
_d26260
980 _81
_gALBERTO SANCHEZ Responsable de Automatización